000 00826cam a2200277 i 4500
001 1918
005 20231010141059.0
020 _a9780531211595 (library binding)
020 _a9780531253656 (pbk.)
040 _aDLC
_beng
_cDLC
_erda
_dDLC
050 0 0 _aQB621
_b.T39 2014
082 0 0 _a523.42
_223
100 1 _aTaylor-Butler, Christine.
245 1 0 _aPlanet Venus /
_cby Christine Taylor-Butler.
260 _aNew York :
_bScholastic,
_c2014
300 _a48 pages :
_bcolor illustrations ;
_c22 cm
490 0 _aA true book
505 0 _aM
505 0 _aEarth's twin? -- A hostile environment -- Following the sun -- Visiting Earth's neighbor -- True statistics.
521 _a810
_bLexile
521 _aM
_bRaz-Plus
650 _2Astronomy
650 _2Space
650 _2Planets
_aVenus
942 _2ddc
_cBK
_n0
999 _c1918
_d1918